000 00549nam a2200205Ia 4500
003 GCL
008 140319s9999 xx 000 0 eng d
040 _aGCL /
_cGCL
082 0 4 _a749.2
_bM M
100 1 _aMYERSAN, JERMY
245 1 0 _aMAKEPEACE: A SPIRIT OF ADVENTURE IN CRAFT AND DESIGN /
_cMYERSAN, JERMY
700 1 _aOCTOPUS, CONRAN
260 _a[S.N] :
_bCONRAN OCTOPUS ،
_c1995
300 _a208 P
650 0 4 _aINTERIOR DECORATION
650 0 4 _aARTS
650 0 4 _aHOME FURNITURE
650 0 4 _aFURNITURE DESIGN
942 _2ddc
_cBK
999 _c15002
_d15002